History of medieval india : (Record no. 70296)
[ view plain ]
| 000 -LEADER | |
|---|---|
| fixed length control field | 00617nam a2200217 a 4500 |
| 001 - CONTROL NUMBER | |
| control field | 70296 |
| 003 - CONTROL NUMBER IDENTIFIER | |
| rucl marc code | BD-RjUL |
| 005 - DATE AND TIME OF LATEST TRANSACTION | |
| control field | 20211209082001.0 |
| 008 - FIXED-LENGTH DATA ELEMENTS--GENERAL INFORMATION | |
| fixed length control field | 170417s1997 ii ||||| |||| 001 0 eng d |
| 035 ## - SYSTEM CONTROL NUMBER | |
| System control number | (BD-RjUL)70510 |
| 040 ## - CATALOGING SOURCE | |
| Original cataloging agency | BD-RjUL |
| Language of cataloging | eng |
| Transcribing agency | BD-RjUL |
| 041 ## - LANGUAGE CODE | |
| Language code of text/sound track or separate title | eng |
| 082 ## - DEWEY DECIMAL CLASSIFICATION NUMBER | |
| Edition number | 23 |
| Classification number | 954.02 |
| Author mark and year | RAH 1997 |
| 100 1# - MAIN ENTRY--PERSONAL NAME | |
| Personal name | Raychoudhary, S.C |
| 9 (RLIN) | 117613 |
| 245 10 - TITLE STATEMENT | |
| Title | History of medieval india : |
| Remainder of title | (from 1000 A.D. to 1707 A.D.) / |
| Statement of responsibility, etc. | S.C.Raychoudhary |
| 260 ## - PUBLICATION, DISTRIBUTION, ETC. (IMPRINT) | |
| Place of publication, distribution, etc. | New Delhi : |
| Name of publisher, distributor, etc. | Surjeet Publication, |
| Date of publication, distribution, etc. | 1997. |
| 300 ## - PHYSICAL DESCRIPTION | |
| Pagination | iv, 374 p. ; |
| Size | 20 cm. |
| 500 ## - GENERAL NOTE | |
| General note | Includes index |
| 650 ## - SUBJECT ADDED ENTRY--TOPICAL TERM | |
| Topical term or geographic name as entry element | India |
| 9 (RLIN) | 208173 |
| 942 ## - ADDED ENTRY ELEMENTS (KOHA) | |
| Source of classification or shelving scheme | Dewey Decimal Classification |
| Koha item type | Books |
| Lost status | Source of classification or shelving scheme | Damaged status | Not for loan | Collection code | Permanent Location | Current Location | Shelving location | Date acquired | Source of acquisition | Cost, normal purchase price | Total Checkouts | Full call number | Date last seen | Copy number | Koha item type |
|---|---|---|---|---|---|---|---|---|---|---|---|---|---|---|---|
| Dewey Decimal Classification | Not For Loan | Non-fiction | Central Library, University of Rajshahi | Central Library, University of Rajshahi | Reading Room | 22/06/1999 | Ankur Prakashoni | 112.00 | 954.02 RAH 1997 | 17/04/2017 | C-1 | Books | |||
| Dewey Decimal Classification | Non-fiction | Central Library, University of Rajshahi | Central Library, University of Rajshahi | General Stacks | 30/10/2024 | 954.02 RAH 1997 | 30/10/2024 | C-2 | Books |